<?xml version="1.0" encoding="UTF-8"?>
<record
    xmlns:xsi="http://www.w3.org/2001/XMLSchema-instance"
    xsi:schemaLocation="http://www.loc.gov/MARC21/slim http://www.loc.gov/standards/marcxml/schema/MARC21slim.xsd"
    xmlns="http://www.loc.gov/MARC21/slim">

  <leader>03495nam a2200325 i 4500</leader>
  <controlfield tag="003">DO-SdBNP</controlfield>
  <controlfield tag="005">20250707115348.0</controlfield>
  <controlfield tag="006">a||||gr|||| 00| 0 </controlfield>
  <controlfield tag="007">ta</controlfield>
  <controlfield tag="008">210615e2018    dr ac||g |||| 00| 0dspa d</controlfield>
  <datafield tag="020" ind1=" " ind2=" ">
    <subfield code="a">9789945609301</subfield>
  </datafield>
  <datafield tag="040" ind1=" " ind2=" ">
    <subfield code="a">DO-SdBNP</subfield>
    <subfield code="b">spa</subfield>
    <subfield code="c">BNPHU</subfield>
    <subfield code="e">rda</subfield>
  </datafield>
  <datafield tag="082" ind1=" " ind2="4">
    <subfield code="2">22</subfield>
    <subfield code="b">M385P</subfield>
  </datafield>
  <datafield tag="100" ind1="1" ind2=" ">
    <subfield code="a">Parra Ti&#xF3; , Yuri Mar&#xED;a,</subfield>
    <subfield code="d">1984 -</subfield>
    <subfield code="9">78844</subfield>
    <subfield code="e">autora</subfield>
  </datafield>
  <datafield tag="245" ind1="1" ind2="0">
    <subfield code="a">Carmen Natalia Mart&#xED;nez Bonilla :</subfield>
    <subfield code="b">dictadura, literatura y resistencia /</subfield>
    <subfield code="c">Yuri Parra ; ilustraci&#xF3;n, Mois&#xE9;s Kelly Santana ; pr&#xF3;logo, Luisa Navarro</subfield>
  </datafield>
  <datafield tag="264" ind1=" " ind2=" ">
    <subfield code="a">Santo Domingo :</subfield>
    <subfield code="b">Santuario,</subfield>
    <subfield code="c">2018</subfield>
  </datafield>
  <datafield tag="300" ind1=" " ind2=" ">
    <subfield code="a">156 p&#xE1;ginas :</subfield>
    <subfield code="b">ilustraciones, retratos. ;</subfield>
    <subfield code="c">23 cm.</subfield>
  </datafield>
  <datafield tag="336" ind1=" " ind2=" ">
    <subfield code="2">rdacontent</subfield>
    <subfield code="a">texto</subfield>
    <subfield code="b">txt</subfield>
  </datafield>
  <datafield tag="337" ind1=" " ind2=" ">
    <subfield code="2">rdamedia</subfield>
    <subfield code="a">sin mediaci&#xF3;n</subfield>
    <subfield code="b">n</subfield>
  </datafield>
  <datafield tag="338" ind1=" " ind2=" ">
    <subfield code="2">rdacarrier</subfield>
    <subfield code="a">volumen</subfield>
    <subfield code="b">nc</subfield>
  </datafield>
  <datafield tag="500" ind1=" " ind2=" ">
    <subfield code="a">Bibliograf&#xED;a y notas al pi&#xE9; de las p&#xE1;ginas</subfield>
  </datafield>
  <datafield tag="504" ind1=" " ind2=" ">
    <subfield code="a">Bibliograf&#xED;a : p&#xE1;ginas 151 - 156</subfield>
  </datafield>
  <datafield tag="505" ind1=" " ind2=" ">
    <subfield code="a">Pr&#xF3;logo.</subfield>
    <subfield code="g">Cap&#xED;tulo I.</subfield>
    <subfield code="t">La dictadura y el papel de las mujeres.--  La Rep&#xFA;blica Dominicana, extensi&#xF3;n y divisi&#xF3;n territorial.-- Poblaci&#xF3;n.-- Econom&#xED;a.-- clases sociales.-- Educaci&#xF3;n.-- Situaci&#xF3;n pol&#xED;tica.--  Dictadura.-- La mujer en la dictadura.-- La mujer y el derecho al sufragio.--  La mujer, la literatura y el reconocimiento social.-- Inserci&#xF3;n de Carmen Natalia en el espacio intelectual.-</subfield>
    <subfield code="g">Cap&#xED;tulo II.</subfield>
    <subfield code="t">Resistencia: el discurso, las expediciones y la agrupaci&#xF3;n Juventud Democr&#xE1;tica.-- Resistencia a la dictadura trujillista.-- La creaci&#xF3;n art&#xED;stica como lengua de la resistencia a la dictadura.-- El discurso po&#xE9;tico.--  El discurso literario a favor del r&#xE9;gimen.-- El discurso po&#xE9;tico femenino a favor del r&#xE9;gimen.-- Posibles influencias en el discurso de Carmen Natalia en contra de la dictadura.-- Procedencia de Carmen Natalia Mart&#xED;nez Bonilla y entorno provinciano.-- Hechos hist&#xF3;ricos de la dictadura que provocaron la resistencia consciente de los artistas, como Carmen Natalia Mart&#xED;nez Bonilla.-- Caracter&#xED;sticas similares de las expediciones.-- La expedici&#xF3;n de Mariel (1934).-- La expedici&#xF3;n de Cayo Confites (1947).-- La expedici&#xF3;n de Luper&#xF3;n (1949).-- La expedici&#xF3;n de Maim&#xF3;n, Constanza y Estero Hondo (1959).-- La agrupaci&#xF3;n Juventud Democr&#xE1;tica. Conformaci&#xF3;n e ideolog&#xED;a.-- &#xD3;rgano de difusi&#xF3;n de la Juventud Democr&#xE1;tica.-- Carmen Natalia y la participaci&#xF3;n de las mujeres en la Juventud Democr&#xE1;tica.-- La familia de Carmen Natalia antitrujillista, camino al &#xE9;xito.--</subfield>
    <subfield code="g">Cap&#xED;tulo II.</subfield>
    <subfield code="t">Interpretaci&#xF3;n de la producci&#xF3;n literaria de Carmen Natalia.-- Contexto hist&#xF3;rico del a&#xF1;o 1944. Impacto de la Segunda Guerra Mundial en la regi&#xF3;n del Caribe.-- An&#xE1;lisis del discurso narrativo de Carmen Natalia Mart&#xED;nez Bonilla.-- Veinte actitudes y una ep&#xED;stola (1945).-- Art&#xED;culo: "La muerte de S&#xF3;crates".--  Art&#xED;culo: "La victoria de Samotracia".-- Art&#xED;culo: "La madre".--  Art&#xED;culo: "La canci&#xF3;n de la camisa.-- Art&#xED;culo: "El hijo pr&#xF3;digo".-- Art&#xED;culo: "Ep&#xED;stola al abuso ausente".-- An&#xE1;lisis del discurso enunciativo.-- Carta al hermano &#xC1;ngel.-- Carta al presidente Rafael Leonidas Trujillo Molina.-- Conclusi&#xF3;n del an&#xE1;lisis documental.-- </subfield>
    <subfield code="t">Bibliograf&#xED;a.</subfield>
  </datafield>
  <datafield tag="590" ind1=" " ind2=" ">
    <subfield code="a">Inventariado, 2024 / MF</subfield>
  </datafield>
  <datafield tag="600" ind1="1" ind2="4">
    <subfield code="a">Carmen Natalia,  </subfield>
    <subfield code="d"> 1917-1976</subfield>
    <subfield code="9">29216</subfield>
  </datafield>
  <datafield tag="600" ind1="1" ind2="4">
    <subfield code="a">Parra Ti&#xF3; , Yuri Mar&#xED;a</subfield>
    <subfield code="d">1984 -</subfield>
    <subfield code="9">78844</subfield>
    <subfield code="t">Carmen Natalia Mart&#xED;nez Bonilla: Dictadura, literatura y resistencia.</subfield>
  </datafield>
  <datafield tag="700" ind1="1" ind2="0">
    <subfield code="a">Santana , Mois&#xE9;s Kelly,</subfield>
    <subfield code="e">ilustraciones</subfield>
    <subfield code="9">78845</subfield>
  </datafield>
  <datafield tag="700" ind1="1" ind2="0">
    <subfield code="9">50276</subfield>
    <subfield code="a">Navarro Tavares, Luisa,</subfield>
    <subfield code="e">pr&#xF3;logo</subfield>
  </datafield>
  <datafield tag="942" ind1=" " ind2=" ">
    <subfield code="2">ddc</subfield>
    <subfield code="c">LF2</subfield>
  </datafield>
  <datafield tag="952" ind1=" " ind2=" ">
    <subfield code="0">0</subfield>
    <subfield code="1">0</subfield>
    <subfield code="2">ddc</subfield>
    <subfield code="5">1</subfield>
    <subfield code="7">0</subfield>
    <subfield code="8">PD-F</subfield>
    <subfield code="a">BNPHU</subfield>
    <subfield code="b">BNPHU</subfield>
    <subfield code="c">CT</subfield>
    <subfield code="d">2018-06-29</subfield>
    <subfield code="e">Donado / Editora B&#xFA;ho</subfield>
    <subfield code="l">0</subfield>
    <subfield code="o">BNPHU PD P259C</subfield>
    <subfield code="p">2021-2040</subfield>
    <subfield code="r">2021-06-15</subfield>
    <subfield code="w">2021-06-15</subfield>
    <subfield code="y">LBS1</subfield>
  </datafield>
  <datafield tag="952" ind1=" " ind2=" ">
    <subfield code="0">0</subfield>
    <subfield code="1">0</subfield>
    <subfield code="2">ddc</subfield>
    <subfield code="5">1</subfield>
    <subfield code="7">0</subfield>
    <subfield code="8">PD-F</subfield>
    <subfield code="a">BNPHU</subfield>
    <subfield code="b">BNPHU</subfield>
    <subfield code="c">HD</subfield>
    <subfield code="d">2018-06-19</subfield>
    <subfield code="e">Donado / Editora B&#xFA;ho</subfield>
    <subfield code="l">0</subfield>
    <subfield code="o">BNPHU PD P259C</subfield>
    <subfield code="p">2021-2041</subfield>
    <subfield code="r">2021-06-15</subfield>
    <subfield code="t">e.2</subfield>
    <subfield code="w">2021-06-15</subfield>
    <subfield code="y">LF2</subfield>
  </datafield>
  <datafield tag="952" ind1=" " ind2=" ">
    <subfield code="0">0</subfield>
    <subfield code="1">0</subfield>
    <subfield code="2">ddc</subfield>
    <subfield code="5">6</subfield>
    <subfield code="7">0</subfield>
    <subfield code="8">DS-F</subfield>
    <subfield code="a">BNPHU</subfield>
    <subfield code="b">BNPHU</subfield>
    <subfield code="c">CT</subfield>
    <subfield code="d">2018-06-29</subfield>
    <subfield code="e">Donado / Editora B&#xFA;ho</subfield>
    <subfield code="l">0</subfield>
    <subfield code="o">BNPHU DS P259C</subfield>
    <subfield code="p">2021-2042</subfield>
    <subfield code="r">2021-06-15</subfield>
    <subfield code="t">e.3</subfield>
    <subfield code="w">2021-06-15</subfield>
    <subfield code="y">LF2</subfield>
  </datafield>
  <datafield tag="999" ind1=" " ind2=" ">
    <subfield code="c">49921</subfield>
    <subfield code="d">49921</subfield>
  </datafield>
</record>
